Kontext v právnickom a ekonomickom preklade
Potreba komunikácie vo všetkých oblastiach života spločnosti. Pozitívnosť jazykovej komunikácie. Vzťah terminológie s pojmami a obsahmi cudzieho jazyka.
Na minha lista:
| Autor principal: | |
|---|---|
| Formato: | Capítulo de Livro |
| Idioma: | eslovaco |
| Assuntos: | |
| Tags: |
Sem tags, seja o primeiro a adicionar uma tag!
|
MARC
| LEADER | 00000naa$a2200000$$$4500 | ||
|---|---|---|---|
| 001 | 0051096 | ||
| 005 | 20240502071608.1 | ||
| 041 | 0 | |a slo | |
| 044 | |a SK | ||
| 245 | 1 | 0 | |a Kontext v právnickom a ekonomickom preklade |c Ladislav Lapšanský |
| 520 | |a Potreba komunikácie vo všetkých oblastiach života spločnosti. Pozitívnosť jazykovej komunikácie. Vzťah terminológie s pojmami a obsahmi cudzieho jazyka. | ||
| 610 | 2 | 0 | |a jazyky cudzie |
| 610 | 2 | 0 | |a komunikácia |
| 610 | 2 | 0 | |a prekladatelia |
| 610 | 2 | 0 | |a terminológia |
| 610 | 2 | 0 | |a slovníky |
| 100 | 1 | |a Lapšanský, Ladislav | |